zpět

Detail výsledku týmu

U Ječmínka, Prostějov

Datum a čas kvízu

27 Celkem bodů Celkový počet nahraných bodů na tomto kvízu bez doplňovacích otázek.
8. Pořadí na kvízu Konečné umístění týmu na tomto kvízu.

Zaznamenané odpovědi

# Otázka Odpověď Body Výsledky
1. Minulý týden byl jistý 37letý... Mikuláš Ferjenčík, Jiří Strach 0.5
2. Ve středu se do vesmíru po něk... Atlas 0
3. Ve čtvrtek 6. června si na půd... D) sklářství 1
4. Společnost Tatra před několika... Phoenix 1
5. Kateřina Siniaková v neděli zí... Coco Gauff 0
6. Dostanete vždy pět indicií, k... Idiot 1
7. Irsko – Homér – Bloom – jeden... Odysseus 0
8. Nashville – Felis – žár – Puli... Kočka na rozpálené plechové střeše 1
9. Roman – okupace – Tibet – Lakm... Spalovač mrtvol 0
10. Karviná – kronika – sv. Petr... Šikmý kostel 1